Southville International School and Colleges
Your cart is empty.
  • Cart
  • Lists
    Public lists Eva Luna New books Lux_list list_1
    Your lists Log in to create your own lists
  • Log in to your account
  • Your cookies
  • Search history
Southville International School and Colleges
  • Advanced search
  • Recent comments
  • Most popular
  • Libraries

Log in to your account

Log in with GOOGLE


If you do not have an external account, but do have a local account, you can still log in:

  1. Home
  2. MARC view: Painting and drawing :
Normal view MARC view ISBD view

Painting and drawing : (Record no. 10536)

[ view plain ]
MARC details
000 -LEADER
fixed length control field 00619nam a22002177a 4500
003 - CONTROL NUMBER IDENTIFIER
control field SISC
005 - DATE AND TIME OF LATEST TRANSACTION
control field 20160315154000.0
008 - FIXED-LENGTH DATA ELEMENTS--GENERAL INFORMATION
fixed length control field 130906t xxu||||| |||| 00| 0 eng d
020 ## - INTERNATIONAL STANDARD BOOK NUMBER
International Standard Book Number 1855016931
050 ## - LIBRARY OF CONGRESS CALL NUMBER
Classification number N 7430
Item number .R631 1995
082 ## - DEWEY DECIMAL CLASSIFICATION NUMBER
Classification number HS 751.4
Item number R532 1995
100 ## - MAIN ENTRY--PERSONAL NAME
Personal name Robb, Tom
9 (RLIN) 16893
245 ## - TITLE STATEMENT
Title Painting and drawing :
Remainder of title a complete art course /
Statement of responsibility, etc Tom Robb
260 ## - PUBLICATION, DISTRIBUTION, ETC. (IMPRINT)
Place of publication, distribution, etc London :
Name of publisher, distributor, etc Tiger Books International,
Date of publication, distribution, etc 1995.
300 ## - PHYSICAL DESCRIPTION
Extent 212p :
Other physical details ill. ;
Dimensions 31 cm.
562 ## - COPY AND VERSION IDENTIFICATION NOTE
Number of copies 1
650 ## - SUBJECT ADDED ENTRY--TOPICAL TERM
Topical term or geographic name as entry element Painting
General subdivision Technique
9 (RLIN) 16894
650 ## - SUBJECT ADDED ENTRY--TOPICAL TERM
Topical term or geographic name as entry element Drawing
General subdivision Technique.
9 (RLIN) 16895
942 ## - ADDED ENTRY ELEMENTS (KOHA)
Source of classification or shelving scheme Library of Congress Classification
Koha item type Books
Holdings
Withdrawn status Lost status Source of classification or shelving scheme Damaged status Home library Current library Shelving location Date acquired Total Checkouts Full call number Barcode Date last seen Price effective from Koha item type
    Library of Congress Classification   Luxembourg Library Luxembourg Library High School Section 09/06/2013   N 7430 .R631 1995 6321 03/15/2016 09/06/2013 Books

Painting and drawing :

APA

Robb T., . (1995). Painting and drawing. London: Tiger Books International.

Chicago

Robb Tom, . 1995. Painting and drawing. London: Tiger Books International.

Harvard

Robb T., . (1995). Painting and drawing. London: Tiger Books International.

MLA

Robb Tom, . Painting and drawing. London: Tiger Books International. 1995.

  • Place hold
  • Print
  • Cite
  • Add to your cart (remove)
  • Save record
    BIBTEX Dublin Core MARCXML MARC (non-Unicode/MARC-8) MARC (Unicode/UTF-8) MARC (Unicode/UTF-8, Standard) MODS (XML) RIS
  • More searches
    Search for this title in:
    Other Libraries (WorldCat) Other Databases (Google Scholar) Online Stores (Bookfinder.com) Open Library (openlibrary.org)

Exporting to Dublin Core...

SOUTHVILLE LIBRARY

Southville International School and Colleges Library

1281 Tropical Ave. Cor. Luxembourg St., BF Homes International, Las Pinas City

Tel. No. 8256374 / 252358 Loc. 117/146

Powered by Koha